000 00812nam a22001937a 4500
003 UA-OsUOA
001 44021
007 ta
008 20091223b un ||||| |||| 00| 0 ukr d
090 _a050
_bС25
942 _cNP
040 _aUA-OsUOA
_bukr
_cUA-OsUOA
_dUA-OsUOA
245 _aСвобода
_b2009: 10 квітня Ч.15, 17 квітня Ч.16, 24 квітня Ч.17; 1 травня Ч.18; 8 травня Ч.19; 15 траня Ч.20; 22 травня Ч.21; 29 травня Ч.22; 5 червня Ч.23; 12 червня Ч.24; 19 червня Ч.25
955 _a4
041 _aukr
080 _a050
650 7 _a050 Серійні публікації. Періодика галузі, Організація та інші типи поєднання (співробітництва)
_2UDC
999 _c423871
_d423871